000 00274nam a22001337a 4500
008 181024b xxu||||| |||| 00| 0 eng d
020 _a9781337116756
041 _aeng
080 _a004
100 _a30
101 _aSHK
245 _aMGMT
_cEILLIAMS.P
942 _2udc
_cBK
999 _c50774
_d50774